<?xml version="1.0" encoding="UTF-8"?><?xml-stylesheet type="text/xsl" href="static/style.xsl"?><OAI-PMH xmlns="http://www.openarchives.org/OAI/2.0/" xmlns:xsi="http://www.w3.org/2001/XMLSchema-instance" xsi:schemaLocation="http://www.openarchives.org/OAI/2.0/ http://www.openarchives.org/OAI/2.0/OAI-PMH.xsd"><responseDate>2026-04-17T15:19:58Z</responseDate><request verb="GetRecord" identifier="oai:www.recercat.cat:10459.1/60060" metadataPrefix="marc">https://recercat.cat/oai/request</request><GetRecord><record><header><identifier>oai:recercat.cat:10459.1/60060</identifier><datestamp>2024-12-05T23:06:32Z</datestamp><setSpec>com_2072_3622</setSpec><setSpec>col_2072_478537</setSpec></header><metadata><record xmlns="http://www.loc.gov/MARC21/slim" xmlns:dcterms="http://purl.org/dc/terms/" xmlns:xsi="http://www.w3.org/2001/XMLSchema-instance" xmlns:doc="http://www.lyncode.com/xoai" xsi:schemaLocation="http://www.loc.gov/MARC21/slim http://www.loc.gov/standards/marcxml/schema/MARC21slim.xsd">
   <leader>00925njm 22002777a 4500</leader>
   <datafield ind2=" " ind1=" " tag="042">
      <subfield code="a">dc</subfield>
   </datafield>
   <datafield ind2=" " ind1=" " tag="720">
      <subfield code="a">Felis Facerias, Nestor</subfield>
      <subfield code="e">author</subfield>
   </datafield>
   <datafield ind2=" " ind1=" " tag="260">
      <subfield code="c">2017-07-12T17:06:11Z</subfield>
   </datafield>
   <datafield ind2=" " ind1=" " tag="260">
      <subfield code="c">2017-07-12T17:06:11Z</subfield>
   </datafield>
   <datafield ind2=" " ind1=" " tag="260">
      <subfield code="c">2017-02</subfield>
   </datafield>
   <datafield ind2=" " ind1=" " tag="520">
      <subfield code="a">Este proyecto comprende la transformación de una finca dedicada al cultivo de cereales a una explotación frutícola ubicada en la partida de La Vispesa, en el Término Municipal de Tamarite de Litera (Huesca). Para ello se ha implantado un sistema de riego por goteo, se ha instalado un sistema de redes antigranizo y se ha construido una nave. La finca tiene una superficie total de 29,11 ha, de las cuales 27,70 ha serán productivas implantando 8 variedades diferentes de melocotón y nectarina. Para todas las variedades se utilizará el portainjertos de bajo vigor Rootpac-40 y se formarán en eje central.</subfield>
   </datafield>
   <datafield ind2=" " ind1=" " tag="520">
      <subfield code="a">This project comprises the transformation of an extensive farm to a fruit plantation. This will be located in the area La Vispesa, in Tamarite de Litera (Huesca). In order to achieve this transformation, a drip irrigation system has been implemented, an anti-hail system has been installed and a shed has been built. The plantation has a total extension of 29,11 ha, of which 27,70 ha will be used to farm 8 different peach and nectarine cultivars. The best rootstock will be Rootpac-40 for all the cultivars in a central leader tree form.</subfield>
   </datafield>
   <datafield ind2=" " ind1=" " tag="520">
      <subfield code="a">Aquest projecte avarca la transformació d’una finca dedicada al cultiu de cereals a una explotació fructícola ubicada a la partida La Vispesa, al Terme Municipal de Tamarit de Llitera (Osca). Per dur-ho a terme s’ha implantat un sistema de reg per degoteig, s’ha instal·lat un sistema de xarxes antipedra i s’ha construït una nau. La finca té una superfície total de 29,11 ha, de les quals 27,70 ha esdevindran productives i on s’implantarà vuit varietats diferents de préssecs i nectarines. En tots els casos s’utilitzarà el portaempelts Rootpac-40 i es formarà l’arbre en eix central.</subfield>
   </datafield>
   <datafield ind1="8" ind2=" " tag="024">
      <subfield code="a">http://hdl.handle.net/10459.1/60060</subfield>
   </datafield>
   <datafield tag="653" ind2=" " ind1=" ">
      <subfield code="a">Melocotonero</subfield>
   </datafield>
   <datafield tag="653" ind2=" " ind1=" ">
      <subfield code="a">Rootpac-40</subfield>
   </datafield>
   <datafield tag="653" ind2=" " ind1=" ">
      <subfield code="a">Eje central</subfield>
   </datafield>
   <datafield tag="653" ind2=" " ind1=" ">
      <subfield code="a">Riego por goteo</subfield>
   </datafield>
   <datafield tag="653" ind2=" " ind1=" ">
      <subfield code="a">Mallas antigranizo</subfield>
   </datafield>
   <datafield tag="653" ind2=" " ind1=" ">
      <subfield code="a">Presseguer</subfield>
   </datafield>
   <datafield tag="653" ind2=" " ind1=" ">
      <subfield code="a">Regatge per degoteig</subfield>
   </datafield>
   <datafield tag="653" ind2=" " ind1=" ">
      <subfield code="a">Calamarsa -- Control</subfield>
   </datafield>
   <datafield ind2="0" ind1="0" tag="245">
      <subfield code="a">Proyecto de una explotación frutal de 29,11 ha con riego por goteo, en Tamarite de Llitera (Huesca)</subfield>
   </datafield>
</record></metadata></record></GetRecord></OAI-PMH>